橋の数が多いJR路線 TOP30 - Statistics

General Stats
  • This quiz has been taken 317 times
  • The average score is 23 of 30
Answer Stats
順位 橋の数 Answer % Correct
5位 3418 東北線
99%
2位 7291 東海道線
98%
3位 4972 山陽線
98%
7位 2578 山陰線
95%
8位 2453 中央線
93%
9位 2317 北陸線
91%
1位 10833 東海道新幹線
89%
21位 958 鹿児島線
89%
4位 4885 東北新幹線
88%
15位 1415 函館線
88%
6位 3242 山陽新幹線
86%
18位 1072 九州新幹線
86%
12位 1634 奥羽線
84%
11位 1914 北陸新幹線
83%
16位 1242 日豊線
82%
14位 1447 常磐線
81%
17位 1143 羽越線
81%
10位 1937 紀勢線
80%
13位 1630 上越新幹線
79%
20位 968 関西線
76%
22位 953 信越線
73%
25位 889 根室線
71%
19位 997 予讃線
69%
28位 687 総武線
68%
30位 656 飯田線
63%
24位 909 上越線
51%
27位 689 伯備線
47%
23位 942 湖西線
36%
29位 671 只見線
33%
26位 862 武蔵野線
29%
No matching quizzes found
Score Distribution
Percent of People with Each Score
Percentile by Number Answered
Your Score History
You have not taken this quiz